LEADER 00991nam0-22003011i-450 001 990004387070403321 005 20190905152128.0 035 $a000438707 100 $a19990604d2001----km-y0itay50------ba 101 0 $aita 102 $aIT 105 $ay-------001yy 200 1 $a<>Thesaurus pauperum in volgare siciliano$f[Pietro Ispano]$ga cura di Stefano Rapisarda 210 $aPalermo$cCentro di studi filologici e linguistici siciliani$d2001 215 $aLXVIII, 200 p.$d23 cm 225 1 $aCollezione di testi siciliani dei secoli 14. e 15.$fdiretta da Costanzo Di Girolamo$v23 300 $aNome dell'A. a p. VIII 676 $a610.9 676 $a457.8 700 1$aIoannes$c$0172491 702 1$aRapisarda,$bStefano 801 0$aIT$bUNINA$gRICA$2UNIMARC 901 $aBK 912 $a990004387070403321 952 $a457.8 THES 1$bfil mod 47658/673$fFLFBC 959 $aFLFBC 996 $aThesaurus pauperum in volgare siciliano$91560659 997 $aUNINA LEADER 00925nam a2200277 i 4500 001 991002497959707536 005 20020508201230.0 008 940830s1987 it ||| | ita 020 $a8877260084 035 $ab1101832x-39ule_inst 035 $aPARLA163774$9ExL 040 $aDip.to Filosofia$bita 100 1 $aRusso, Luigi$0430616 245 10$aDa Longino a Longino :$bi luoghi del sublime /$ca cura di Luigi Russo 260 $aPalermo :$bAesthetica,$cc1987 300 $a175 p. ;$c21 cm. 490 0 $aAesthetica ;$v18 600 14$aBurke, Edmund 650 4$aEstetica 650 4$aLONGINO, Pseudo 907 $a.b1101832x$b23-02-17$c28-06-02 912 $a991002497959707536 945 $aLE005 MF 37 E 22$g1$i2005000204906$lle005$o-$pE0.00$q-$rl$s- $t0$u2$v0$w2$x0$y.i11137289$z28-06-02 996 $aDa Longino a Longino$9862246 997 $aUNISALENTO 998 $ale005$b01-01-94$cm$da $e-$fita$git $h0$i1